Is homo economics extinct? (Record no. 89905)

000 -LEADER
fixed length control field 00935pab a2200169 454500
008 - FIXED-LENGTH DATA ELEMENTS--GENERAL INFORMATION
fixed length control field 180718b2010 xxu||||| |||| 00| 0 eng d
100 ## - MAIN ENTRY--PERSONAL NAME
Personal name Sassower, Raphael
245 ## - TITLE STATEMENT
Title Is homo economics extinct?
260 ## - PUBLICATION, DISTRIBUTION, ETC.
Date of publication, distribution, etc. 2010
300 ## - PHYSICAL DESCRIPTION
Extent p.603-615.
362 ## - DATES OF PUBLICATION AND/OR SEQUENTIAL DESIGNATION
Dates of publication and/or sequential designation Dec
520 ## - SUMMARY, ETC.
Summary, etc. The classical view of "rational man" as the unit of analysis for economic behavior and marketplace exchange has been changed by the late twentieth century with the help of behavioral economics that considers predictable irrationality as a normal mode of behavior. Instead of revising neoclassical economics to fit contemporary economic crises, it is recommended to follow Adam Smith's original concerns for the social setting of individual behavior and to treat economic crises with pragmatic flexibility rather than with dogmatic ideology. - Reproduced.
650 ## - SUBJECT ADDED ENTRY--TOPICAL TERM
Topical term or geographic name entry element Economics
773 ## - HOST ITEM ENTRY
Main entry heading Philosophy of Social Sciences
908 ## - PUT COMMAND PARAMETER (RLIN)
Put command parameter N
909 ## -
-- 89905
Holdings
Withdrawn status Lost status Damaged status Not for loan Permanent Location Current Location Date acquired Serial Enumeration / chronology Barcode Date last seen Price effective from Koha item type
        Indian Institute of Public Administration Indian Institute of Public Administration 2018-07-19 Volume no: 40, Issue no: 4 AR90365 2018-07-19 2018-07-19 Articles

Powered by Koha